00640nam a2200229Ia 4500008004100000020001800041050001700059050001400076100002900090245001600119245007100135245002800206260001600234260002200250260000900272300001600281300001100297650002700308650003000335650002800365650001700393180523s9999 xx 000 0 und d a81-7224-676-5 aMAIN HF 5549 b.W47 1999 aWerther, William B., Jr. 0aDear boss : 0bwhat every manager needs to hear and every employee wants to say / 0cWilliam B. Werther, Jr. aNew Delhi : bJaico Publishing, c1999 a226 pages : c22 cm. aPersonnel management.  aSupervision of employees. xEmployees -- Attitudes. xSupervisors.